歐洲國家測驗-繁中版 - Statistics

General Stats
  • This quiz has been taken 18 times
  • The average score is 31 of 45
Answers on the Map
Answers color-coded by a green-red scale on the quiz's map according to % correct below.
 
Answer Stats
Country % Correct
法國
100%
西班牙
100%
葡萄牙
100%
英國
100%
愛爾蘭
100%
冰島
100%
義大利
100%
俄羅斯
100%
芬蘭
100%
瑞典
100%
挪威
100%
德國
100%
比利時
100%
瑞士
100%
捷克
100%
丹麥
83%
荷蘭
83%
奧地利
83%
波蘭
83%
白俄羅斯
83%
烏克蘭
83%
希臘
67%
盧森堡
67%
斯洛伐克
67%
立陶宛
67%
愛沙尼亞
67%
斯洛維尼亞
67%
匈牙利
67%
教廷
67%
拉脫維亞
50%
羅馬尼亞
50%
保加利亞
50%
北馬其頓
50%
塞爾維亞
50%
摩納哥
50%
摩爾多瓦
33%
阿爾巴尼亞
33%
蒙特內哥羅
33%
科索沃
33%
安道爾
33%
列支敦士登
33%
聖馬利諾
33%
波士尼亞赫塞哥維納
17%
克羅埃西亞
17%
馬爾他
17%
No matching quizzes found
Score Distribution
Percent of People with Each Score
Percentile by Number Answered
Your Score History
You have not taken this quiz